| 000 | 01113nam a22002657a 4500 | ||
|---|---|---|---|
| 999 |
_c10448 _d10448 |
||
| 003 | GBCCL | ||
| 005 | 20241126110732.0 | ||
| 008 | 240719b ||||| |||| 00| 0 eng d | ||
| 020 | _a9781576581643, | ||
| 020 | _a9781576582787, | ||
| 020 | _a1576581640, | ||
| 020 | _a1576582787 | ||
| 040 | _cGBC | ||
| 082 |
_a266.0092 _bBEN |
||
| 245 |
_aCameron Townsend : _bgood news in every language / _cJanet Benge, Geoff Benge |
||
| 260 |
_aSeattle, Wash., _bYWAM Pub., _c2023 |
||
| 300 |
_a222 pages : _bmap ; _c21 cm |
||
| 440 |
_aChristian heroes, then & now _917374 |
||
| 505 | _aThe Oval Office A trip to Fresno Discharged Mr. Jesus On the trail A sudden burst of clarity The logic of language Promise and loss A job completed The New Testament at last Links in a chain Camp Wycliffe South to Mexico Tetelcingo Uncle Cam New recruits Jungle camp The pavilion A growing organization The work goes on | ||
| 600 |
_aTownsend, William Cameron, _d1896- _95517 |
||
| 650 |
_aBiographies _916526 |
||
| 650 |
_aMissionaries _93863 |
||
| 650 |
_aMissionaries _vBiography _zGuatemala _918178 |
||
| 942 |
_2ddc _cBK |
||